Presidencia de la Sociedad Especial Minera denominada San Vicente Ferrer : memoria leída en Junta General de la misma, celebrada el día 16 de Marzo de 1873, según lo dispuesto en los artículos 7 y 12 de la Ley de Sociedades mineras memoria leída en Junta General de la misma, celebrada el día 16 de Marzo de 1873, según lo dispuesto en los artículos 7 y 12 de la Ley de Sociedades mineras
MARC
| LEADER | 00000nam a2200000Ia 4500 | ||
|---|---|---|---|
| 001 | 18500 | ||
| 008 | 160829s1873 xx 000 0 cat d | ||
| 080 | |a RF-3-23 | ||
| 245 | |a Presidencia de la Sociedad Especial Minera denominada San Vicente Ferrer : |b memoria leída en Junta General de la misma, celebrada el día 16 de Marzo de 1873, según lo dispuesto en los artículos 7 y 12 de la Ley de Sociedades mineras | ||
| 260 | |a Granada : |b Imp. y Lib. de los Reyes y Hermano, |c 1873 | ||
| 300 | |a 16 p. ; |c 25 cm | ||
| 590 | |a Prové de J-3981, exp. 2 | ||
| 650 | |a Sociedad Especial Minera San Vicente Ferrer |9 47245 | ||
| 856 | 4 | |u https://media.diba.cat/diba/fitxers/arxiu/fulletons/bib_18500_1873_baixa.pdf |y Accés lliure | |
| 856 | 4 | |u https://media.diba.cat/diba/fitxers/arxiu/fulletons/bib_18500_1873_baixa.pdf |y Accés lliure | |
| 901 | |a Arxiu | ||
| 942 | |n 1 |2 udc | ||
| 952 | |0 0 |1 0 |4 0 |6 RF323 |7 1 |9 53769 |a Arxiu |b Arxiu |d 2016-12-01 |l 0 |o RF-3-23 |p 18500 |r 2016-12-01 00:00:00 |w 2016-12-01 |y ARXIU | ||
| 999 | |c 57635 |d 57635 | ||
| 900 | |a bib_18500_1873_baixa.pdf | ||